[Event "FRA-ch op-C"]
[Site "Nancy"]
[Date "2013.08.13"]
[Round "2"]
[White "Roux, Jean Francois"]
[Black "Bellahcene, Omar"]
[Result "0-1"]
[WhiteElo "1675"]
[BlackElo "1789"]
[PlyCount "104"]
[EventDate "2013.08.11"]
[EventType "swiss"]
[EventRounds "11"]
[EventCountry "FRA"]
[SourceTitle "CBM 156 Extra"]
[Source "ChessBase"]
[SourceDate "2013.10.22"]
[SourceVersion "1"]
[SourceVersionDate "2013.10.22"]
[SourceQuality "1"]

1. d4 d6 2. c4 e5 3. dxe5 dxe5 4. Qxd8+ Kxd8 5. e4 Be6 6. Nf3 Nd7 7. Ng5 Ke7 8. Nxe6 Kxe6 9. Nc3 c6 10. a3 a5 11. Be2 Ngf6 12. 0-0 Nc5 13. f3 Nb3 14. Rb1 Bc5+ 15. Kh1 Rhd8 16. Na4 Bd4 17. c5 Nxc5 18. Bc4+ Ke7 19. Nxc5 Bxc5 20. b4 axb4 21. axb4 Bd4 22. Bb2 b5 23. Bb3 Bxb2 24. Rxb2 Rd4 25. Ba2 Ra4 26. Rc1 Kd6 27. Bxf7 Raxb4 28. Rbc2 Ke7 29. Ba2 Ra4 30. Bb3 Ra3 31. Ba2 Rad3 32. h3 Rd1+ 33. Kh2 Rxc1 34. Rxc1 Kd6 35. Rc2 c5 36. Kg1 c4 37. Kf2 Nd7 38. Ke3 Rd3+ 39. Ke2 Kc5 40. g3 Nb6 41. Bb1 Rb3 42. Ba2 Ra3 43. Kf2 b4 44. Re2 b3 45. Bb1 c3 46. f4 Ra1 47. Bd3 exf4 48. gxf4 Kd4 49. Re3 c2 50. e5 c1Q 51. e6 Qg1+ 52. Kf3 Qxe3+ 0-1

[Event "Lille Luce op 4th"]
[Site "Lille"]
[Date "2013.04.17"]
[Round "7"]
[White "Roux, Jean Francois"]
[Black "Lebon, Joffrey"]
[Result "1-0"]
[WhiteElo "1636"]
[BlackElo "1998"]
[PlyCount "55"]
[EventDate "2013.04.13"]
[EventType "swiss"]
[EventRounds "9"]
[EventCountry "FRA"]
[SourceTitle "CBM 154 Extra"]
[Source "ChessBase"]
[SourceDate "2013.06.25"]
[SourceVersion "2"]
[SourceVersionDate "2013.06.25"]
[SourceQuality "1"]

1. d4 Nf6 2. c4 e6 3. Nc3 c5 4. d5 exd5 5. cxd5 d6 6. e4 g6 7. f4 Bg7 8. Nf3 0-0 9. Be2 Re8 10. e5 dxe5 11. fxe5 Ng4 12. Bg5 Qa5 13. 0-0 Nxe5 14. d6 Be6 15. Nd5 Nxf3+ 16. Bxf3 Bd4+ 17. Kh1 Nd7 18. Nc7 Qb6 19. Nxe8 Rxe8 20. Bf4 Nf6 21. Qd2 Nd5 22. Bxd5 Bxd5 23. Rae1 Be6 24. Rf3 Rd8 25. Rd3 h5 26. Be5 Bc4 27. Rxd4 cxd4 28. Qh6 1-0

[Event "La Fere op 10th"]
[Site "La Fere"]
[Date "2011.07.06"]
[Round "6.13"]
[White "Roux, Jean Francois"]
[Black "Vedovotto, Nicolas"]
[Result "0-1"]
[WhiteElo "1682"]
[BlackElo "2068"]
[PlyCount "68"]
[EventDate "2011.07.02"]
[EventType "swiss"]
[EventRounds "9"]
[EventCountry "FRA"]
[SourceTitle "EXT 2012"]
[Source "ChessBase"]
[SourceDate "2011.11.24"]
[SourceVersion "1"]
[SourceVersionDate "2011.11.24"]
[SourceQuality "1"]

1. d4 d5 2. c4 e6 3. Nc3 c6 4. cxd5 exd5 5. Bf4 Nf6 6. Qc2 Bd6 7. Bxd6 Qxd6 8. e3 0-0 9. Bd3 Nbd7 10. Nf3 Re8 11. 0-0 Nf8 12. Ne5 Ng4 13. Nxg4 Bxg4 14. Bxh7+ Nxh7 15. Rac1 Nf6 16. f3 Bh5 17. Qf2 Bg6 18. Rfe1 Rad8 19. a4 b6 20. Qe2 Qd7 21. b4 c5 22. Qb2 cxd4 23. exd4 Rxe1+ 24. Rxe1 Re8 25. Re5 Rxe5 26. dxe5 Ne8 27. b5 d4 28. Qd2 Nc7 29. Kf2 Ne6 30. Ne2 d3 31. Nc3 Qd4+ 32. Kf1 Qxe5 33. g3 Nc5 34. Qd1 Qxc3 0-1

[Event "La Fere op 10th"]
[Site "La Fere"]
[Date "2011.07.05"]
[Round "5.17"]
[White "Mataigne, Jean Michel"]
[Black "Roux, Jean Francois"]
[Result "1/2-1/2"]
[WhiteElo "2017"]
[BlackElo "1682"]
[PlyCount "56"]
[EventDate "2011.07.02"]
[EventType "swiss"]
[EventRounds "9"]
[EventCountry "FRA"]
[SourceTitle "EXT 2012"]
[Source "ChessBase"]
[SourceDate "2011.11.24"]
[SourceVersion "1"]
[SourceVersionDate "2011.11.24"]
[SourceQuality "1"]

1. e4 c5 2. c3 d5 3. exd5 Qxd5 4. d4 Nf6 5. Nf3 Bg4 6. dxc5 Qxd1+ 7. Kxd1 e5 8. b4 Bxf3+ 9. gxf3 g6 10. Nd2 Bg7 11. Bc4 0-0 12. Ne4 Rd8+ 13. Kc2 Nxe4 14. fxe4 Nc6 15. Bg5 Rd7 16. Rhd1 Rc7 17. Rd2 Rac8 18. Rad1 b6 19. Rd7 bxc5 20. b5 Nd4+ 21. cxd4 Rxd7 22. d5 h6 23. Be3 Kh7 24. a4 Bf8 25. a5 Rb8 26. Rb1 Rdb7 27. Bd2 Bd6 28. Kb3 Rxb5+ 1/2-1/2

[Event "La Fere op 10th"]
[Site "La Fere"]
[Date "2011.07.04"]
[Round "3.24"]
[White "Roux, Jean Francois"]
[Black "Hutin, Evgueny"]
[Result "1/2-1/2"]
[WhiteElo "1682"]
[BlackElo "1923"]
[PlyCount "50"]
[EventDate "2011.07.02"]
[EventType "swiss"]
[EventRounds "9"]
[EventCountry "FRA"]
[SourceTitle "EXT 2012"]
[Source "ChessBase"]
[SourceDate "2011.11.24"]
[SourceVersion "1"]
[SourceVersionDate "2011.11.24"]
[SourceQuality "1"]

1. d4 d5 2. c4 e6 3. Nc3 Be7 4. cxd5 exd5 5. Bf4 c6 6. e3 Bf5 7. Bd3 Bxd3 8. Qxd3 Nf6 9. Nf3 Nbd7 10. 0-0 0-0 11. Rac1 Nh5 12. Rfe1 Nxf4 13. exf4 Bd6 14. Ne5 f6 15. Nxd7 Qxd7 16. g3 Rfe8 17. Qf3 Bb4 18. Re3 g6 19. Rce1 Kf7 20. Kg2 Bxc3 21. bxc3 Qf5 22. Qe2 Qd7 23. Qf3 Qf5 24. Qe2 Qd7 25. Qf3 Qf5 1/2-1/2

[Event "La Fere op 10th"]
[Site "La Fere"]
[Date "2011.07.02"]
[Round "1.19"]
[White "Roux, Jean Francois"]
[Black "Londers, Jan"]
[Result "0-1"]
[WhiteElo "1682"]
[BlackElo "1877"]
[PlyCount "74"]
[EventDate "2011.07.02"]
[EventType "swiss"]
[EventRounds "9"]
[EventCountry "FRA"]
[SourceTitle "EXT 2012"]
[Source "ChessBase"]
[SourceDate "2011.11.24"]
[SourceVersion "1"]
[SourceVersionDate "2011.11.24"]
[SourceQuality "1"]

1. d4 Nf6 2. c4 c5 3. d5 b5 4. b3 bxc4 5. bxc4 d6 6. Bb2 Nbd7 7. Nd2 Rb8 8. Qc2 g6 9. e4 Bg7 10. Ngf3 0-0 11. Rb1 Qa5 12. Ba1 Rxb1+ 13. Qxb1 Nxe4 14. Bxg7 Nxd2 15. Nxd2 Kxg7 16. Qb2+ f6 17. f4 Nb6 18. Be2 Na4 19. Qa3 Bd7 20. Qe3 Re8 21. 0-0 e6 22. Nb3 Qc3 23. Rf3 Qc2 24. Qf2 exd5 25. Bd3 Qd1+ 26. Bf1 dxc4 27. Na5 c3 28. Nc4 c2 29. Ne3 c1Q 30. Nxd1 Qxd1 31. Rd3 Qb1 32. Rxd6 Bb5 33. Qf3 Bxf1 34. Rd7+ Kf8 35. Kf2 Re2+ 36. Kg3 Rxg2+ 37. Kh4 Rxh2+ 0-1

[Event "La Fere op"]
[Site "La Fere"]
[Date "2010.07.09"]
[Round "8"]
[White "Eeckhout, Jean Louis"]
[Black "Roux, Jean Francois"]
[Result "1/2-1/2"]
[WhiteElo "1727"]
[BlackElo "1612"]
[PlyCount "66"]
[EventDate "2010.07.03"]
[EventType "swiss"]
[EventRounds "9"]
[EventCountry "FRA"]
[SourceTitle "CBM 137 Extra"]
[Source "ChessBase"]
[SourceDate "2010.09.01"]
[SourceVersion "1"]
[SourceVersionDate "2010.09.01"]
[SourceQuality "1"]

1. d4 d5 2. c4 Nc6 3. e3 e5 4. dxe5 Nxe5 5. cxd5 Nf6 6. a3 Be7 7. Nc3 Bf5 8. Be2 0-0 9. Nf3 Ned7 10. Nh4 Be4 11. Nxe4 Nxe4 12. Nf5 Nb6 13. Nxe7+ Qxe7 14. 0-0 Rad8 15. f3 Rxd5 16. Qc2 Nf6 17. b4 Rfd8 18. e4 R5d7 19. Be3 h6 20. Rad1 Nbd5 21. Bc5 Qe8 22. exd5 Nxd5 23. Bb5 c6 24. Rde1 Ne7 25. Bc4 b6 26. Rxe7 Rxe7 27. Bxe7 Qxe7 28. Kf2 Qd6 29. Rb1 Qd4+ 30. Kg3 Qe5+ 31. Kh3 Qh5+ 32. Kg3 Qg5+ 33. Kh3 Qh5+ 1/2-1/2

[Event "La Fere op"]
[Site "La Fere"]
[Date "2010.07.06"]
[Round "5"]
[White "Roux, Jean Francois"]
[Black "Tivol, Thierry"]
[Result "1/2-1/2"]
[WhiteElo "1612"]
[BlackElo "1740"]
[PlyCount "60"]
[EventDate "2010.07.03"]
[EventType "swiss"]
[EventRounds "9"]
[EventCountry "FRA"]
[SourceTitle "CBM 137 Extra"]
[Source "ChessBase"]
[SourceDate "2010.09.01"]
[SourceVersion "1"]
[SourceVersionDate "2010.09.01"]
[SourceQuality "1"]

1. d4 c6 2. c4 d5 3. Nf3 Nf6 4. e3 Bf5 5. cxd5 Nxd5 6. Nc3 e6 7. Nxd5 exd5 8. Bd2 Nd7 9. Be2 Bd6 10. 0-0 0-0 11. a4 Re8 12. b4 Nf6 13. Qb3 Ne4 14. Rfc1 Nxd2 15. Nxd2 Bc7 16. Nf3 Qf6 17. b5 Rab8 18. a5 Bd7 19. b6 axb6 20. axb6 Bd6 21. Ra7 Be6 22. Qc2 Bf5 23. Bd3 Be4 24. Bxe4 Rxe4 25. Rca1 Ree8 26. Nd2 Qe7 27. Nb3 Qd8 28. Nc5 Bxc5 29. dxc5 Qe7 30. Qc3 Red8 1/2-1/2

[Event "La Fere op 8th"]
[Site "La Fere"]
[Date "2009.07.06"]
[Round "3"]
[White "Hoelting, Siegfried"]
[Black "Roux, Jean Francois"]
[Result "1-0"]
[WhiteElo "1920"]
[BlackElo "1659"]
[PlyCount "107"]
[EventDate "2009.07.04"]
[EventType "swiss"]
[EventRounds "9"]
[EventCountry "FRA"]
[SourceTitle "CBM 131 Extra"]
[Source "ChessBase"]
[SourceDate "2009.09.03"]
[SourceVersion "2"]
[SourceVersionDate "2009.09.16"]
[SourceQuality "1"]

1. e4 c5 2. Nf3 d6 3. d4 cxd4 4. Nxd4 Nf6 5. Nc3 g6 6. Be3 Bg7 7. Be2 0-0 8. 0-0 Nc6 9. Nb3 Be6 10. Kh1 a6 11. f4 b5 12. Bf3 Rc8 13. Nd5 Bxd5 14. exd5 Na5 15. Nd4 Nc4 16. Bc1 Re8 17. c3 Qb6 18. Re1 b4 19. Nc6 Rc7 20. Nxb4 Nd7 21. Rb1 Nc5 22. Qc2 f5 23. Nd3 Nd7 24. Bd2 Nxd2 25. Qxd2 Kf8 26. Rbc1 a5 27. a3 Nc5 28. Nxc5 Rxc5 29. b4 Rc7 30. c4 axb4 31. axb4 Rb8 32. b5 Rbc8 33. Qd3 Bb2 34. Rc2 Bd4 35. h4 Bf2 36. Rf1 Bxh4 37. g4 fxg4 38. Bxg4 Ra8 39. Rh2 Bf6 40. Rxh7 e5 41. Rxc7 Qxc7 42. fxe5 Qh7+ 43. Qh3 Qxh3+ 44. Bxh3 dxe5 45. Rxf6+ Kg7 46. Re6 Ra4 47. Bf1 Ra1 48. Kg2 Re1 49. Kf2 Re4 50. c5 Rf4+ 51. Ke1 Re4+ 52. Be2 Kf7 53. c6 Rb4 54. c7 1-0

[Event "La Fere op 8th"]
[Site "La Fere"]
[Date "2009.07.06"]
[Round "4"]
[White "Roux, Jean Francois"]
[Black "Laufer, Maurice"]
[Result "1-0"]
[WhiteElo "1659"]
[BlackElo "1547"]
[PlyCount "79"]
[EventDate "2009.07.04"]
[EventType "swiss"]
[EventRounds "9"]
[EventCountry "FRA"]
[SourceTitle "CBM 131 Extra"]
[Source "ChessBase"]
[SourceDate "2009.09.03"]
[SourceVersion "2"]
[SourceVersionDate "2009.09.16"]
[SourceQuality "1"]

1. d4 f5 2. c4 Nf6 3. Nf3 e6 4. Nc3 c6 5. Bf4 d5 6. cxd5 cxd5 7. Nb5 Qa5+ 8. Nc3 Ne4 9. Nd2 Bb4 10. Ncxe4 fxe4 11. a3 Bxd2+ 12. Bxd2 Qc7 13. Rc1 Qd7 14. e3 0-0 15. Be2 a6 16. 0-0 Nc6 17. Bg4 Qf7 18. f3 e5 19. Bxc8 Raxc8 20. dxe5 Rce8 21. f4 g6 22. Qg4 Qg7 23. Bc3 d4 24. exd4 h5 25. Qe2 Ne7 26. Qxe4 Nf5 27. Qd5+ Kh7 28. Qb3 Ne3 29. Rf3 Nf5 30. d5 b5 31. Rd1 Qa7+ 32. Kh1 Ne3 33. Rd2 g5 34. Bd4 Qc7 35. Bxe3 g4 36. Qd3+ Kh8 37. Rf1 Qc4 38. Qxc4 bxc4 39. d6 Rxe5 40. Bd4 1-0

[Event "Gap op 2nd"]
[Site "Gap"]
[Date "2008.04.14"]
[Round "1"]
[White "Roux, Jean Francois"]
[Black "Chevalier, Christian"]
[Result "1-0"]
[WhiteElo "1618"]
[BlackElo "1975"]
[PlyCount "91"]
[EventDate "2008.04.14"]
[EventType "swiss"]
[EventRounds "9"]
[EventCountry "FRA"]
[SourceTitle "CBM 123 Extra"]
[Source "ChessBase"]
[SourceDate "2008.05.06"]
[SourceVersion "1"]
[SourceVersionDate "2008.05.06"]
[SourceQuality "1"]

1. d4 Nf6 2. c4 e6 3. Nc3 d5 4. cxd5 exd5 5. Bg5 Be7 6. Qc2 Be6 7. e3 Nbd7 8. Bd3 h6 9. Bh4 c6 10. f3 0-0 11. Nge2 Nb6 12. b3 Rc8 13. Qb2 Re8 14. Bf2 Bd6 15. 0-0 Qc7 16. h3 Qe7 17. a3 Nh5 18. g4 Nf6 19. e4 dxe4 20. Nxe4 Bb8 21. Bg3 Bd5 22. Bxb8 Rxb8 23. N2g3 Be6 24. Nc5 Bd5 25. Nf5 Qc7 26. Qd2 Nbd7 27. Nxd7 Qxd7 28. Qf4 Nh7 29. h4 Re6 30. Qxb8+ Re8 31. Qd6 Qxd6 32. Nxd6 Re3 33. Bxh7+ Kxh7 34. Nxb7 Rxb3 35. Nc5 Re3 36. a4 Bxf3 37. Rae1 Rc3 38. Re7 Bd5 39. Rxa7 Rg3+ 40. Kh2 Rxg4 41. Nd7 Rxh4+ 42. Kg3 Rxd4 43. Ne5 f6 44. Rxf6 Re4 45. Nxc6 Rc4 46. Ne5 1-0